000 00374nam a22001457a 4500
003 OSt
005 20251124141720.0
008 251124b |||||||| |||| 00| 0 eng d
020 _a978-1-4231-4202-7
040 _cCL
100 _aRIORDAN, RICK
245 _aThe serpent's shadow, book 3 /
260 _aNew York :
_bDisney/Hyperion Books,
_cc2012.
942 _2ddc
_cFIC.
_n0
999 _c6098
_d6098